| 000 | 01796nam a2200349 a 4500 | ||
|---|---|---|---|
| 001 | ebr10627777 | ||
| 003 | CaPaEBR | ||
| 006 | m u | ||
| 007 | cr cn||||||||| | ||
| 008 | 120406s2013 caua sb 001 0 eng d | ||
| 010 | _z 2012014298 | ||
| 020 | _z9780804783859 (cloth : alk. paper) | ||
| 020 | _z9780804784924 (e-book) | ||
| 040 |
_aCaPaEBR _cCaPaEBR |
||
| 035 | _a(OCoLC)823728759 | ||
| 050 | 1 | 4 |
_aHC79.T4 _bF86 2013eb |
| 082 | 0 | 4 |
_a338/.064 _223 |
| 100 | 1 | _aFunk, Jeffrey L. | |
| 245 | 1 | 0 |
_aTechnology change and the rise of new industries _h[electronic resource] / _cJeffrey L. Funk. |
| 260 |
_aStanford, Calif. : _bStanford University Press, _c2013. |
||
| 300 |
_axii, 245 p. : _bill. |
||
| 440 | 0 | _aInnovation and technology in the world economy | |
| 504 | _aIncludes bibliographical references and index. | ||
| 505 | 0 | _apart I. What determines the potential for new technologies? Technology paradigm -- Scaling -- part II. When do technological discontinuities emerge? Computers -- Magnetic recording and playback equipment -- Semiconductors -- part III. Opportunities and challenges for firms and governments. Competition in new industries -- Different industries, different challenges -- part IV. Thinking about the future. Electronics and electronic systems -- Clean energy. | |
| 533 |
_aElectronic reproduction. _bPalo Alto, Calif. : _cebrary, _d2011. _nAvailable via World Wide Web. _nAccess may be limited to ebrary affiliated libraries. |
||
| 650 | 0 | _aTechnological innovations. | |
| 650 | 0 | _aIndustries. | |
| 650 | 0 |
_aTechnology _xEconomic aspects. |
|
| 655 | 7 |
_aElectronic books. _2local |
|
| 710 | 2 | _aebrary, Inc. | |
| 856 | 4 | 0 |
_uhttp://site.ebrary.com/lib/rucke/Doc?id=10627777 _zAn electronic book accessible through the World Wide Web; click to view |
| 999 |
_c50445 _d50445 |
||